| 000 | 00969nam a2200169 a 4500 | ||
|---|---|---|---|
| 001 | 000045989 | ||
| 005 | 20201002052550.0 | ||
| 008 | 150605s2007 dr 000 0 spa d | ||
| 020 | _a9789945866100 | ||
| 040 |
_aDO-SdBNP _bspa _cBNPHU |
||
| 110 | 1 |
_aRepública Dominicana. _bComisión Presidencial de Política Farmaceutica Nacional _974055 |
|
| 245 | 1 | 0 | _aPolítica farmacéutica nacional = Cómo desarrollar y aplicar una política farmacéutica nacional. |
| 260 |
_aSanto Domingo : _bComisión Presidencial de Política Farmaceutica Nacional, _c2007. |
||
| 300 |
_a90 p. ; _c22 cm. |
||
| 504 | _aBibliografía p: 87-90 | ||
| 505 | 0 |
_tPrólogo -- _gcapitulo I -- _tContextualización -- _gcapitulo II -- _tSituación de los medicamentos en la Repúbica Dominicana -- _gcapitulo III -- _tPropósito y objetivos de la política farmaceutina nacional -- _gcapitulo IV -- _tDirectrices y estrategias -- _ganexo -- _tCómo desarrollar y aplicar una política farmacéutica nacional -- |
|
| 999 |
_c45478 _d45478 |
||